000 00537nam a2200145 i 4500
001 70728
003 ES-MaACL
005 20230906170912.0
007 t|
008 040802s1908 sp ||||1| spa d
100 1 _aGarres y Segura, Eusebio.
_955652
245 1 0 _aHistoria de la muy noble y muy leal ciudad de Vera (provincia de Almería) desde su fundación hasta nuestros días y plano de la población /
_cEusebio Garres y Segura.
260 _aVera :
_b[s.n.,
_c1908] (
_fImpr. de Castillo y Compañía)
852 _aES-MaACL
_j1597-F-10
999 _c70728
_d70728